|
|
|
|
| LEADER |
00000nam0a2200000 4500 |
| 001 |
104869 |
| 005 |
20250225063227.0 |
| 035 |
|
|
|a (RuTPU)RU\TPU\book\113081
|
| 090 |
|
|
|a 104869
|
| 100 |
|
|
|a 20061109d1953 k y0rusy50 ca
|
| 101 |
0 |
|
|a rus
|
| 102 |
|
|
|a RU
|
| 105 |
|
|
|a a z 001zy
|
| 200 |
1 |
|
|a Заметки по флоре и фауне Сибири. Вып. 17
|f Томский государственный университет; Томское отделение Московского общества испытателей природы
|
| 210 |
|
|
|a Томск
|c Идание ТГУ
|d 1953
|
| 215 |
|
|
|a 74 с.
|c ил.
|
| 320 |
|
|
|a Библиография в конце тем.
|
| 610 |
1 |
|
|a заметки
|
| 610 |
1 |
|
|a фауна
|
| 610 |
1 |
|
|a флора
|
| 610 |
1 |
|
|a Сибирь
|
| 610 |
1 |
|
|a млекопитающие
|
| 610 |
1 |
|
|a птицы
|
| 675 |
|
|
|a 58
|v 3
|
| 675 |
|
|
|a 59
|v 3
|
| 712 |
0 |
2 |
|a Томский государственный университет
|c 1917-2009
|7 ca
|8 rus
|2 stltpush
|3 (RuTPU)RU\TPU\col\397
|9 23396
|
| 712 |
0 |
2 |
|a Московское общество испытателей природы (МОИП)
|b Томское отделение
|2 stltpush
|3 (RuTPU)RU\TPU\col\11441
|
| 801 |
|
1 |
|a RU
|b 63413507
|c 20061109
|g PSBO
|
| 801 |
|
2 |
|a RU
|b 63413507
|c 20210810
|g PSBO
|
| 942 |
|
|
|c BK
|